000 00989aam a2200325 i 4500
630 0 _aSociología
_92570
999 _c45485
_d45485
001 768714001
003 CO-MdFUSB
005 20220623062548.0
007 ta
008 200507t1985 enk |||| |||| 00| 0 eng d
020 _a0853129339
040 _bspa.
_aCO-MdFUSB
_cCO-MdFUSB
_dCO-MdFUSBC
_erda
041 _aeng
082 _223
_a307
_bC678
100 1 _aCohen, A. P.
_eautor
245 1 4 _aThe symbolic construction of community
_c/ A. P. Cohen
264 1 _aInglaterra :
_bEllis Horwood,
_c[1985]
264 4 _c© 1985
300 _a128 páginas
_c; 23 cm
336 _atexto
_btxt
_2rdacontent
337 _2rdamedia
_asin mediación
_bn
338 _2rdacarrier
_avolumen
_bnc
490 _aKey ideas.
505 _aLa construcción simbólica de la comunidad - El simbolismo y los límites - Comunidades de sentido - La identidad de la comunidad
563 _aRústico
942 _cBK
945 _aJTF-925